000 01247nam a22002057a 4500
003 OSt
005 20260408103820.0
008 260408b |||||||| |||| 00| 0 ESP d
082 _284-494-1577-2
100 _aMaría Pascual
245 _aMi primer diccionario de inglés con María Pascual
250 _a2DA EDICION VOL1
260 _aBARCELONA ESPAÑA
_bOcéano / Océano El Siglo.
_c 2004
300 _a120PAG
_c22 x 29 cm
490 _3papel de alta calidad y tapa dura.
520 _aEl objetivo de este diccionario es introducir al público infantil en el aprendizaje del idioma inglés de manera lúdica y natural. La obra busca que el lector establezca un vínculo afectivo con la lengua extranjera mediante la asociación directa entre imágenes detalladas y conceptos cotidianos, facilitando así la adquisición de vocabulario básico sin el rigor de la gramática técnica. Su enfoque se centra en despertar la curiosidad y fomentar la autonomía del niño en su primer contacto bilingüe.
650 _aEl ámbito personal ,La vida en el hogar El entorno escolar Naturaleza y animales ,Conceptos básicos y abstractos
_vEscenas Temáticas
_xBloques de Vocabulario Específico
700 _aMaría Pascual
942 _2ddc
_cBKA
_n0
999 _c2055
_d2055